书目信息 |
| 题名: |
虾蟹类增养殖学
|
|
| 作者: | 王克行 主编 | |
| 分册: | ||
| 出版信息: | 北京 中国农业出版社 1997 |
|
| 页数: | 314页 | |
| 开本: | 26cm | |
| 丛书名: | ||
| 单 册: | ||
| 中图分类: | S968.2 | |
| 科图分类: | 69.743 | |
| 主题词: | 虾类养殖--高等学校--教材 , 蟹类养殖--高等学校--教材 | |
| 电子资源: | ||
| ISBN: | 7-109-04736-9 | |
| 000 | 00695nam0 2200241 45 | |
| 001 | 2374104081 | |
| 005 | 20230220091043.38 | |
| 010 | @a7-109-04736-9@d¥19.50 | |
| 100 | @a19980206d1997 em y0chiy0121 ea | |
| 101 | 0 | @achi |
| 102 | @aCN@b110000 | |
| 105 | @af z 000yy | |
| 200 | 10 | @a虾蟹类增养殖学@Axia xie lei zeng yang zhi xue@f王克行主编 |
| 210 | @a北京@c中国农业出版社@d1997 | |
| 215 | @a314页@c图@d26cm | |
| 300 | @a全国高等农业院校教材 水产养殖专业用 | |
| 606 | @a虾类养殖@x高等学校@x教材 | |
| 606 | @a蟹类养殖@x高等学校@x教材 | |
| 690 | @aS968.2@v3 | |
| 692 | @a69.743@v2 | |
| 701 | 0 | @a王克行@Awang ke xing@4主编 |
| 801 | 0 | @aCN@bTSSF@c19980220 |
| 905 | @aZUCC@dS968.2@e72 | |
| 虾蟹类增养殖学/王克行主编.-北京:中国农业出版社,1997 |
| 314页:图;26cm |
| 全国高等农业院校教材 水产养殖专业用 |
| ISBN 7-109-04736-9:¥19.50 |
| ● |
| 相关链接 |
|
|
|
|
正题名:虾蟹类增养殖学
索取号:S968.2/72
 
预约/预借
| 序号 | 登录号 | 条形码 | 馆藏地/架位号 | 状态 | 备注 |
| 1 | 1052681 | 210526812 | 第二样本阅览室/ [索取号:S968.2/72] | 在馆 |